| Tag |
First Indicator |
Second Indicator |
Subfields |
| LEADER |
00000cam a2200000 a 4500 |
| 001 |
in00001290949 |
| 005 |
20230511222808.0 |
| 008 |
960328s1996 waua b 101 0 eng d |
| 010 |
|
|
|a 95072246
|
| 020 |
|
|
|a 0819420255
|
| 035 |
|
|
|a (OCoLC)34479855
|
| 035 |
|
|
|9 AGZ8799AM
|
| 040 |
|
|
|a LHL
|c LHL
|d TXA
|d UtOrBLW
|
| 049 |
|
|
|a TXAM
|
| 090 |
|
|
|a TS518
|b .L57 1996
|
| 245 |
0 |
0 |
|a Liquid crystal materials, devices, and applications IV :
|b 31 January-1 February, 1996, San Jose, California /
|c Ranganathan Shashidhar, chair/editor ; sponsored by IS&T--the Society for Imaging Science and Technology, SPIE--the International Society for Optical Engineering.
|
| 264 |
|
1 |
|a Bellingham, Wash., USA :
|b SPIE,
|c [1996]
|
| 264 |
|
4 |
|c ©1996
|
| 300 |
|
|
|a ix, 224 pages :
|b illustrations ;
|c 28 cm.
|
| 336 |
|
|
|a text
|b txt
|2 rdacontent
|
| 337 |
|
|
|a unmediated
|b n
|2 rdamedia
|
| 338 |
|
|
|a volume
|b nc
|2 rdacarrier
|
| 490 |
1 |
|
|a Proceedings / SPIE--the international society for optical engineering ;
|v v. 2651
|
| 504 |
|
|
|a Includes bibliographic references and author index.
|
| 650 |
|
0 |
|a Liquid crystal devices
|x Congresses.
|
| 650 |
|
0 |
|a Liquid crystals
|v Congresses.
|
| 700 |
1 |
|
|a Shashidhar, Ranganathan.
|
| 710 |
2 |
|
|a IS & T--the Society for Imaging Science and Technology.
|
| 710 |
2 |
|
|a Society of Photo-optical Instrumentation Engineers.
|
| 830 |
|
0 |
|a Proceedings of SPIE--the International Society for Optical Engineering ;
|v v. 2651.
|
| 856 |
4 |
1 |
|u https://www.spiedigitallibrary.org/conference-proceedings-of-SPIE/2651.toc
|t 0
|
| 999 |
|
|
|a MARS
|
| 999 |
f |
f |
|s a3b8d830-e9d0-3792-a637-d62294615580
|i f9512939-e7b8-3acf-85f6-f888bec37af7
|t 0
|
| 952 |
f |
f |
|p ric
|a Texas A&M University
|b Rellis Campus
|c Joint Library Facility
|d Remote Storage
|t 0
|e TS518 .L57 1996
|h Library of Congress classification
|i unmediated -- volume
|m A14819899308
|
| 998 |
f |
f |
|a TS518 .L57 1996
|t 0
|l Remote Storage
|